A fresh look at denominational research: role, impact, & scope : (Record no. 24037)
[ view plain ]
| 000 -LEADER | |
|---|---|
| fixed length control field | 04875cam a2200601Ii 4500 |
| 001 - CONTROL NUMBER | |
| control field | 1057363491 |
| 003 - CONTROL NUMBER IDENTIFIER | |
| control field | OCoLC |
| 005 - DATE AND TIME OF LATEST TRANSACTION | |
| control field | 20230912092351.0 |
| 008 - FIXED-LENGTH DATA ELEMENTS--GENERAL INFORMATION | |
| fixed length control field | 181018s2018 miu b 010 0 eng d |
| 020 ## - INTERNATIONAL STANDARD BOOK NUMBER | |
| International Standard Book Number | 9780998702117 |
| 020 ## - INTERNATIONAL STANDARD BOOK NUMBER | |
| International Standard Book Number | 0998702110 |
| 035 ## - SYSTEM CONTROL NUMBER | |
| System control number | (OCoLC)1057363491 |
| 040 ## - CATALOGING SOURCE | |
| Original cataloging agency | EXN |
| Language of cataloging | eng |
| Transcribing agency | EXN |
| Modifying agency | EXN |
| 049 ## - LOCAL HOLDINGS (OCLC) | |
| Holding library | EXNs |
| 050 ## - LIBRARY OF CONGRESS CALL NUMBER | |
| Classification number | BX6113 |
| Item number | .F74 2018 |
| 245 02 - TITLE STATEMENT | |
| Title | A fresh look at denominational research: role, impact, & scope : |
| Remainder of title | a festschrift honoring Roger Dudley, a pioneer of Seventh-day Adventist human-subject research / |
| Statement of responsibility, etc | edited by Petr Činčala. PhD. |
| 260 ## - PUBLICATION, DISTRIBUTION, ETC. (IMPRINT) | |
| Place of publication, distribution, etc | [Berrien Springs, Michigan], Lincoln, Nebraska : |
| Name of publisher, distributor, etc | Institute of Church Ministry, Andrews University ; AdventSource, |
| Date of publication, distribution, etc | c2018 |
| 300 ## - PHYSICAL DESCRIPTION | |
| Extent | ix, 364 pages : |
| Other physical details | illustrations ; |
| Dimensions | 23 cm. |
| 504 ## - BIBLIOGRAPHY, ETC. NOTE | |
| Bibliography, etc | Includes bibliographical references. |
| 505 00 - FORMATTED CONTENTS NOTE | |
| Title | Tribute to Dr. Roger Dudley / |
| Statement of responsibility | Des Cummings Jr. -- |
| Title | Tribute to Dr. Roger Dudley / |
| Statement of responsibility | Randal Wisbey -- |
| Title | The beginnings of denominal research at the Institute of Church Ministry / |
| Statement of responsibility | Carol Kilcher -- |
| Title | Scholarship as mission: the role of research in expanding the mission of the church / |
| Statement of responsibility | Edwin I. Hernández -- |
| Title | Roger Dudley's contribution to Adventist church growth / |
| Statement of responsibility | Mnote Sahlin -- |
| Title | Research as prophetic voice / |
| Statement of responsibility | Erich Baumgartner -- |
| Title | ASTR, AHSRA, and new horizons for Adventist human-subject research / |
| Statement of responsibility | Galina Stele and D. J. B. Trim -- |
| Title | A word from the top executive secretary to denominational researchers / |
| Statement of responsibility | G. T. Ng -- |
| Title | The challenges of a world-wide web-based research study / |
| Statement of responsibility | Roger Dudley -- |
| Title | Pastoral family care: celebrating the life and work of Roger Dudley / |
| Statement of responsibility | David Sedlacek -- |
| Title | Effective and ineffective pastors: a study in contrasts / |
| Statement of responsibility | Peter Swanson -- |
| Title | Faith transmission and mentoring: the greatest want of the church / |
| Statement of responsibility | Kelvin Onongha -- |
| Title | Worldview and leadership: the influence of culture on organizational leadership in the global Seventh-day Adventist church / |
| Statement of responsibility | Skip Bell -- |
| Title | Youth and young adult ministry and the postmodern myth / |
| Statement of responsibility | Kenley Hall -- |
| Title | Adventist youth and the church: an overview of research related to Roger Dudley's seminal contributions / |
| Statement of responsibility | Paul S. Brantley -- |
| Title | Young Adventists' retention: believe, behave, belong / |
| Statement of responsibility | Galina Stele -- |
| Title | Nurture, retention, and engagement of Seventh-day Adventist church members: focus on youth in Africa / |
| Statement of responsibility | Elizabeth M. Role -- |
| Title | Comparative analysis of vitality of the Seventh-day Adventist congregations and its implictions for retention of young adults / |
| Statement of responsibility | Petr Činčala -- |
| Title | Generational differences and its influence on mission offering giving / |
| Statement of responsibility | Rene Drumm and Petr Činčala -- |
| Title | Factors related to church growth in the world Seventh-day Adventist church / |
| Statement of responsibility | Roger Dudley, Petr Činčala, and Duane McBride -- |
| Title | World survey of church pastors and lay leaders -- |
| -- | Stories of conversion, retention, and reclamation: the southeast Asian experience / |
| Statement of responsibility | Arceli Rosario, Carthy Joy Aguillon, Jimmy Adil, Susa Opao, and Ray Opao -- |
| Title | Denominational research in the Netherlands: a serious endeavor and its implications / |
| Statement of responsibility | André Staal and Jurriën den Hollander -- |
| Title | Faith maturity in a diverse global sample of Seventh-day Adventists / |
| Statement of responsibility | Karl G. D. Bailey and Heather M. Moore -- |
| Title | The nature of data, counting dilemmas, and problems of quantity in the South American Division / |
| Statement of responsibility | Thadeu J. Silva, Filho. |
| 610 10 - SUBJECT ADDED ENTRY--CORPORATE NAME | |
| Corporate name or jurisdiction name as entry element | Dudley, Roger L., |
| Relator term | honoree, |
| -- | contributor. |
| 610 20 - SUBJECT ADDED ENTRY--CORPORATE NAME | |
| Corporate name or jurisdiction name as entry element | Seventh-day Adventists |
| General subdivision | Research. |
| 700 1# - ADDED ENTRY--PERSONAL NAME | |
| Personal name | Činčala, Petr, |
| Relator term | editor, |
| -- | contributor. |
| 700 1# - ADDED ENTRY--PERSONAL NAME | |
| Personal name | Cummings, Des, |
| Relator term | contributor. |
| 700 1# - ADDED ENTRY--PERSONAL NAME | |
| Personal name | Wisbey, Randal, |
| Relator term | contributor. |
| 700 1# - ADDED ENTRY--PERSONAL NAME | |
| Personal name | Kilcher, Carol, |
| Relator term | contributor. |
| 700 1# - ADDED ENTRY--PERSONAL NAME | |
| Personal name | Hernandez, Edwin I., |
| Relator term | contributor. |
| 700 1# - ADDED ENTRY--PERSONAL NAME | |
| Personal name | Sahlin, Monte, |
| Relator term | contributor. |
| 700 1# - ADDED ENTRY--PERSONAL NAME | |
| Personal name | Baumgartner, Erich Walter, |
| Dates associated with a name | 1954- , |
| Relator term | contributor. |
| 700 1# - ADDED ENTRY--PERSONAL NAME | |
| Personal name | Stele, Galina I., |
| Dates associated with a name | 1964- , |
| Relator term | contributor. |
| 700 1# - ADDED ENTRY--PERSONAL NAME | |
| Personal name | Trim, D. J. B. |
| Fuller form of name | (David J. B.), |
| Relator term | contributor. |
| 700 1# - ADDED ENTRY--PERSONAL NAME | |
| Personal name | Ng, G. T., |
| Relator term | contributor. |
| 700 1# - ADDED ENTRY--PERSONAL NAME | |
| Personal name | Sedlacek, David, |
| Relator term | contributor. |
| 700 1# - ADDED ENTRY--PERSONAL NAME | |
| Personal name | Swanson, Peter, |
| Relator term | contributor. |
| 700 1# - ADDED ENTRY--PERSONAL NAME | |
| Personal name | Onongha, Kelvin, |
| Relator term | contributor. |
| 700 1# - ADDED ENTRY--PERSONAL NAME | |
| Personal name | Bell, Skip, |
| Relator term | contributor. |
| 700 1# - ADDED ENTRY--PERSONAL NAME | |
| Personal name | Hall, Kenley, |
| Relator term | contributor. |
| 700 1# - ADDED ENTRY--PERSONAL NAME | |
| Personal name | Brantley, Paul S., |
| Relator term | contributor. |
| 700 1# - ADDED ENTRY--PERSONAL NAME | |
| Personal name | Role, Elizabeth M., |
| Relator term | contributor. |
| 700 1# - ADDED ENTRY--PERSONAL NAME | |
| Personal name | Drumm, Rene, |
| Relator term | contributor. |
| 700 1# - ADDED ENTRY--PERSONAL NAME | |
| Personal name | McBride, Duane, |
| Relator term | contributor. |
| 700 1# - ADDED ENTRY--PERSONAL NAME | |
| Personal name | Rosario, Arceli, |
| Relator term | contributor. |
| 700 1# - ADDED ENTRY--PERSONAL NAME | |
| Personal name | Aguillon, Carthy Joy, |
| Relator term | contributor. |
| 700 1# - ADDED ENTRY--PERSONAL NAME | |
| Personal name | Adil, Jimmy, |
| Relator term | contributor. |
| 700 1# - ADDED ENTRY--PERSONAL NAME | |
| Personal name | Opao, Susa, |
| Relator term | contributor. |
| 700 1# - ADDED ENTRY--PERSONAL NAME | |
| Personal name | Opao, Ray, |
| Relator term | contributor. |
| 700 1# - ADDED ENTRY--PERSONAL NAME | |
| Personal name | Staal, André, |
| Relator term | contributor. |
| 700 1# - ADDED ENTRY--PERSONAL NAME | |
| Personal name | den Hollander, Jurriën, |
| Relator term | contributor. |
| 700 1# - ADDED ENTRY--PERSONAL NAME | |
| Personal name | Bailey, Karl G. D., |
| Relator term | contributor. |
| 700 1# - ADDED ENTRY--PERSONAL NAME | |
| Personal name | Moore, Heather M., |
| Relator term | contributor. |
| 700 1# - ADDED ENTRY--PERSONAL NAME | |
| Personal name | Silva Filho, Thadeu J., |
| Relator term | contributor. |
| 942 ## - ADDED ENTRY ELEMENTS (KOHA) | |
| Source of classification or shelving scheme | Library of Congress Classification |
| Koha item type | Books |
| Classification part | BX 6113 |
| Item part | .F74 2018 |
| Withdrawn status | Lost status | Source of classification or shelving scheme | Damaged status | Not for loan | Collection code | Home library | Current library | Shelving location | Date acquired | Source of acquisition | Cost, normal purchase price | Serial Enumeration / chronology | Total Checkouts | Full call number | Barcode | Date last seen | Date checked out | Cost, replacement price | Price effective from | Koha item type |
|---|---|---|---|---|---|---|---|---|---|---|---|---|---|---|---|---|---|---|---|---|
| Library of Congress Classification | Books | Judith Thomas Library | Judith Thomas Library | General Stacks | 12/09/2023 | Donation | 15.00 | AUA26733 | 1 | BX 6113 .F74 2018 | AUA26733 | 20/05/2024 | 14/05/2024 | 15.00 | 12/09/2023 | Books |